Estados financieros, 1° de agosto, 1972 a 31 de julio, 1973

Bewaard in:
Bibliografische gegevens
Coauteur: Consejo Nacional de Producción
Formaat: Texto
Gepubliceerd in: San José :
Tags: Voeg label toe
Geen labels, Wees de eerste die dit record labelt!

MARC

LEADER 00000 a a2200000 04500
001 19249
003
040
090 |a 019700  
110 |a Consejo Nacional de Producción  
245 |a Estados financieros, 1° de agosto, 1972 a 31 de julio, 1973  
260 |a San José :  
300 |a 26 p  
999 |c 16753  |d 16753